Cities of Chickasaw County, Iowa - Statistics

General Stats
  • This quiz has been taken 43 times
  • The average score is 6 of 9
Answer Stats
Cities % Correct
7 Alta Vista
100%
2 Nashua
100%
1 New Hampton
100%
8 North Washington
100%
9 Bassett
50%
3 Fredericksburg
50%
5 Ionia
50%
4 Lawler
50%
6 Protivin
0%
No matching quizzes found
Score Distribution
Percent of People with Each Score
Percentile by Number Answered
Your Score History
You have not taken this quiz